16 Animated Kids Quiz Stats

 Plays Quiz Updated May 17, 2015

Score 0/16 Timer 05:00
0 Plays Today
% Correct
Lilo Pelekai (Lilo & Stitch)
89%
Stewie Griffin (Family Guy)
88.9%
Maggie Simpson (The Simpsons)
88.5%
Pebbles Flintstone (The Flintstones)
80.4%
Dexter (Dexter's Laboratory)
80%
Doug Funnie (Doug)
75.9%
Boo (Monsters, Inc.)
75.7%
Tommy Pickles (Rugrats)
71.1%
% Correct
Mowgli (The Jungle Book)
69.7%
Lucy Van Pelt (Peanuts)
68.6%
Timmy Turner (The Fairly OddParents)
61.5%
Stan Marsh (Southpark)
59.1%
Judy Jetson (The Jetsons)
58%
Richie Rich (Richie Rich)
46.7%
Helga Pataki (Hey Arnold!)
44.1%
Russell (Up)
33.9%

You're not logged in!

Compare scores with friends on all Sporcle quizzes.
OR
Log In

You Might Also Like...

Show Comments

Extras

Top Quizzes Today


Score Distribution

Your Account Isn't Verified!

In order to create a playlist on Sporcle, you need to verify the email address you used during registration. Go to your Sporcle Settings to finish the process.

Report this User

Report this user for behavior that violates our Community Guidelines.

Details: